| 000 | 00699nam a2200193Ia 4500 | ||
|---|---|---|---|
| 003 | GCL | ||
| 008 | 140319s9999 xx 000 0 ara d | ||
| 040 |
_aGCL / _cGCL |
||
| 082 | 0 | 4 |
_a659.289 _bه و |
| 100 | 1 | _aهيكر, مونيك | |
| 245 | 1 | 0 |
_aوقائع اليونسكو: الذكرى الثلاثون لتاسيس المنظمة: منجزات الماضى والتزامات المستقبل / _cهيكر, مونيك |
| 300 | _a260 ص | ||
| 490 |
_aالهيئة العامة للاستعلامات _v0 |
||
| 650 | 0 | 4 | _aالدوريات |
| 650 | 0 | 4 | _aاليونسكو |
| 650 | 0 | 4 | _aالمنظمات الدولية |
| 650 | 0 | 4 | _aاليونسكو - تنظيم وادارة |
| 942 |
_2ddc _cBK |
||
| 999 |
_c51096 _d51096 |
||